[Event "Cochabamba GP op 4th"]
[Site "Cochabamba"]
[Date "2023.09.09"]
[Round "6"]
[White "Espejo Tarqui, Jose Maria"]
[Black "Avila Zurita, Kiara Victoria"]
[Result "0-1"]
[WhiteElo "1045"]
[BlackElo "1186"]
[PlyCount "74"]
[EventDate "2023.09.07"]
[EventType "swiss"]
[EventRounds "7"]
[EventCountry "BOL"]
[SourceTitle "EXT 2024"]
[Source "ChessBase"]
[SourceDate "2023.10.10"]
[SourceVersion "1"]
[SourceVersionDate "2023.10.10"]
[SourceQuality "1"]

1. e4 g6 2. Nf3 Bg7 3. Nc3 c6 4. Bc4 e6 5. d3 d5 6. exd5 cxd5 7. Bb5+ Bd7 8. Ba4 Bxc3+ 9. bxc3 Bxa4 10. Bb2 Nf6 11. Rb1 Nbd7 12. c4 Bc6 13. 0-0 0-0 14. Re1 Qc7 15. Ne5 Kg7 16. Qf3 d4 17. Bxd4 Bxf3 18. Nxf3 Rfe8 19. Rb2 e5 20. Nxe5 Nxe5 21. Bxe5 Rxe5 22. Reb1 Rae8 23. Kf1 Re1+ 24. Rxe1 Rxe1+ 25. Kxe1 Qe5+ 26. Kd2 Qxb2 27. f4 Qxa2 28. h3 a5 29. g4 a4 30. g5 Nh5 31. c5 a3 32. d4 Qd5 33. c4 Qxd4+ 34. Kc2 a2 35. Kb3 a1R 36. Kb4 Rb1+ 37. Ka5 Qa1# 0-1